00249nam a2200097Ia 4500008004100000100002000041245005300061260001600114260000900130546001200139170619s9999 xx 000 0 und d aTheodore- Louis 0aNanotechnology: Basic Calculations for Engineers bWiley-India c2011 aENGLISH